000 00306nam a22001337a 4500
008 171018b xxu||||| |||| 00| 0 eng d
020 _a9781592601691
041 _aeng
080 _a338
100 _a53
101 _aMEN
245 _aCASES IN HUMAN RESOURCES MANAGEMENT
_cSTOVALL,S.A
942 _2udc
_cBK
999 _c34634
_d34634